Introduction to organisational behavior (Record no. 3502)

MARC details
000 -LEADER
fixed length control field 00373nam a22001457a 4500
008 - FIXED-LENGTH DATA ELEMENTS--GENERAL INFORMATION
fixed length control field 250514b |||||||| |||| 00| 0 eng d
020 ## - INTERNATIONAL STANDARD BOOK NUMBER
ISBN 067346525
100 ## - MAIN ENTRY--AUTHOR
Author Giacalone Robert
245 ## - TITLE STATEMENT
Title Introduction to organisational behavior
250 ## - EDITION STATEMENT
Edition statement 4th edition
260 ## - PUBLICATION, DISTRIBUTION, ETC. (IMPRINT)
Place of publication USA
Name of publisher Harper collins publishers
Date of publication 2017
300 ## - COLLATION
Pagination 215p.
942 ## - ADDED ENTRY ELEMENTS (KOHA)
Item type Books
050 ## - LIBRARY OF CONGRESS CALL NUMBER
Classification number HD.58.7
Item number .G32
Holdings
Source of classification or shelving scheme Not for loan Permanent location Current location Date acquired Accession No. Full call number Barcode. Koha item type
Library of Congress Classification   Samuel Ogbemudia Main Library, University of Abuja Samuel Ogbemudia Main Library, University of Abuja 05/14/2025 2017/49961 HD.58.7.G32 2025-1973 Books